Nazwiska bohaterów Blok ekipy - Statystyki

Ogólne statystyki
  • Ten quiz został rozwiązany 79 razy
  • Średni wynik to 11 z 26
Statystyki odpowiedzi
Ksywka Imię i nazwisko % Poprawnych
Spejson Adrian Puchacki
98%
Wojtas Wojciech Puczyk
89%
Pan Wiesio Wiesław Puchacki
84%
Mama Spejsona Grażyna Puchacka
83%
Pierdzący Pierdziel Wiesław Paleta
81%
Żona Pierdziela Halina Paleta
80%
Walo Waldemar Walasik
80%
Cieślak Paweł Ciesielski
73%
Siorka Wojtasa Jowita Puczyk
63%
Rudy Bastian Obsztyfitykultykiewicz
61%
Solaris Jowita Ciesielska
59%
Prowadzący m.in. Mister Grochowa Witold Śruta
47%
Ziółek Piotr Ziółkowski
34%
Wróg wyżej wymienionego Bogdan Rekin
33%
Ojciec Wala Czesław Walasik
30%
Kołacina Łukasz Kołaciński
19%
Wygrana w programie "Wojtas szuka żony" Marianna Sławojka
19%
Maciora Maciej Maciejewski
14%
Żona wyżej wymienionego Grażyna Śruta
13%
Cjalis Bartłomiej Walaszczak
11%
Mati Mateusz Zagnojny
11%
Ochroniarz ze speluno Robert Sagan
11%
Zatrzymany przez straż obywatelską Sławomir Kuśmierczyk
8%
Kochanka Pana Wiesia Teresa Trociniak
6%
Uczestnik "Siłacze Grochowa" Miał pseudonim "Siła" Zenon Czopkiewicz
6%
Ukrainiec Sasza Oleksandr Feszkin
5%
Nie znaleziono quizów pasujących do podanych kryteriów
Rozkład punktacji
Procent ludzi z każdym wynikiem
Percentyl według liczby udzielonych odpowiedzi
Twoja historia wyników
Nie rozwiązałeś tego quizu